| 000 | 00885nam a2200277Ia 4500 | ||
|---|---|---|---|
| 005 | 20250425162624.0 | ||
| 008 | 250425s9999 xx 000 0 und d | ||
| 020 | _a8420541036 | ||
| 041 | _aspa | ||
| 043 | _asp | ||
| 082 |
_a621.3815 _pRAB |
||
| 100 | _aRabaey, Jan M. | ||
| 245 | 0 |
_aCircuitos integrados digitales _bUna perspectiva de diseño _cJan M. Rabaey, Anantha Chandrakasan, Borivoje Nikolic |
|
| 250 | _aSegunda ed. | ||
| 260 |
_aEspaña, Madrid _bPearson _c2004 |
||
| 300 |
_a773 p. _bIlustrado _c25 cm |
||
| 500 | _aIncluye tabla de contenido, bibliografías, índice | ||
| 500 | _aLibro donado por el Ing. Hernán Gutierréz | ||
| 650 | _aCircuitos digitales | ||
| 650 | _aElectrónica | ||
| 650 | _aInterconexiones | ||
| 710 |
_aVuelapluma _eTraducción _tDigital Integrated Circuits |
||
| 902 |
_aMonográfico _cImpreso |
||
| 942 | _c01 | ||
| 010 | _a90721 | ||
| 999 |
_c233038 _d233038 |
||